| 000 | 00779nam a22002297a 4500 | ||
|---|---|---|---|
| 005 | 20080710104925.0 | ||
| 008 | 080710t xxu||||| |||| 00| 0 eng d | ||
| 010 | _aENG-90508 | ||
| 020 | _c360.00 | ||
| 035 | _aEN-74041 | ||
| 037 | _bDBAD / PUB | ||
| 040 |
_aDPL _bEN |
||
| 082 | _a338.88 | ||
| 100 | _aSubba Rao, P. | ||
| 245 |
_aInternational business : _cby P. Subba Rao _btext and cases / |
||
| 250 | _a2nd rev & enl ed | ||
| 260 |
_aNew Delhi _bHimalaya Publishing House _c2008 |
||
| 300 |
_a584p. _c28cm.(Hb) |
||
| 500 | _aIncludes index | ||
| 942 |
_2ddc _cEN _h338.88 _m SUB |
||
| 999 |
_c14370 _d14370 |
||